[Event "Turnier 40 / 120"]
[Site "Wien"]
[Date "2023.11.03"]
[Round "40"]
[White "Mephisto Magellan - 20 MHZ"]
[Black "Novag Star Diamond - 25 MHZ"]
[Result "1/2-1/2"]
[BlackElo "2161"]
[WhiteElo "2233"]

{Analyse -----> Stockfish 16} 1. e4 d6 2. Nf3 Nf6 3. Nc3 g6 4. d4 Bg7 5.
Be2 O-O 6. O-O Bg4 7. Be3 Nc6 8. d5 {Buchende} Bxf3 9. Bxf3 {Buchbewertung
Mephisto Magellan: +0,2} Ne5 10. Be2 c6 11. f4 Ned7 {Buchende} 12. Bf3
{besser ist dxc6} cxd5 {Buchbewertung Novag Star Diamond: -0,46 lt.
Stockfish ist die Stellung etwa gleich} 13. Nxd5 Nxd5 14. Qxd5 Qc7 15. Qb3
Rac8 16. c3 Nc5 17. Qc4 Qc6 18. f5? {ein schlechter Zug, deutlich besser
ist 18. a4, Stockfish -0,30} b5 19. Qe2 Nxe4 20. fxg6 {auch nicht das Gelbe
vom Ei, klar zu bevorzugen ist 20. Lxa7, Stockfish -0,70} hxg6 21. Bxa7 d5
22. Qd3? {deutlich besser ist 22. Le3, Stockfish -1,20} b4? {ein schlechter
Zug, der den Grossteil des Vorteiles verspielt, deutlich besser ist 22. f5,
Stockfish +0,30} 23. cxb4 Bxb2 24. Rab1 Be5 25. Bd4?? {ein Verlustzug,
Stockfish -2,30, nötig war b5 mit nur minimalem Vorteil für Schwarz mit ca.
-0,20} Bxd4+ 26. Qxd4 e5! {richtig und damit ist die Partie entschieden
zumindest lt. Stockfish 16, Magellan rechnete mit dem ganz schwachen Zug
26. Tfe8, danach wäre sogar Weiss leicht im Vorteil gewesen} 27. Qxe5 {noch
das beste aber klar geht hier die Qualität und damit die Partie verloren}
Qb6+ 28. Kh1 Nd2 {ein schlechter Zug, der den Vorteil von Schwarz mehr als
halbiert, Stockfish +1,00, nötig war Sf2+, aber das ist für einen Oldie
unmöglich, denn nach Txf2, Dxf2, Lxd5 herrscht für einen Oldie noch
materieller Gleichstand, da Weiss 2 Bauern für die Qualität hat in der
Textvariante bekommt Schwarz noch den B-Bauern in der Folge und Weiss hat
nur einen Bauern für die Qualität, jedoch die Position ist nach 28. Sf2+
bereits gewonnen, aber gut die dafür nötige Rechentiefe ist einfach
unmöglich für einen Oldie, Stockfish sieht da gewinnbringenden Vorteil im
40. HZ oder so, geht einfach nicht !!, daher hier kein Fragezeichen, z.B
Rybka 64 Bit glaubt nach 13 Minuten im 22. HZ auch noch dass 28. Sd2 der
beste Zug ist und selbst die Top-Engine Komodo 14 glaubt nach 10 Minuten im
42. HZ ebenfalls dass 28. Sd2 der beste Zug ist.} 29. Bxd5 Nxb1 30. Rxb1
Qxb4 31. Rf1 Qd2 32. Bb3 Qc3 33. Qe4? {ein Verlustzug, Stockfish -2,00,
deutlich besser ist Dxc3 mit ca. -1,00, aber gut Schwarz hat die Qualität
für einen Bauern und auch keinen Freibauern, für Star Diamond ist da
natürlich noch nicht erledigt, mal abwarten} Kg7 {besser ist Tc6, Stockfish
+1,50} 34. Qf4?? {ein grottenschlechter Zug, danach ist bereits alles aus,
nötig war ein Schlupfloch für den König mittel 34. h3, Stockfish -3,00}
Rc5! 35. Rg1? {mehr Widerstand leistet noch g4, Stockfish -3,80} Rf5 36.
Qc1 Qxc1 {besser ist Tc8 spielt aber keine Rolle mehr, Stockfish +3,00} 37.
Rxc1 Rc8 38. Rd1? {besser ist noch Te1, Stockfish -3,50} Rd8 39. Kg1? {mehr
Widerstand leistet noch Ta1, spätestens danach ist alles aus, hier kann man
sich dann schon jeden weiteren Kommentar schenken, Stockfish -6,00, aber
klar Star Diamond muss es natürlich noch beweisen momentan hat er die
Qualität für einen Bauern und noch keinen Freibauern, trotzdem sollte das
nur noch Formsache sein} Rxd1+ 40. Bxd1 Kf6 41. Bb3 Rf4 42. h3 Ke7 43. g3
Rf3 44. Kg2 Rd3 45. g4 f5 46. gxf5 gxf5 47. Bc4 Rc3 48. Bd5 f4 49. h4 Rg3+
50. Kf2 Rh3 51. a4 Rxh4??? {was für ein Megabock, der auf einen Schlag den
Sieg verschenkt, danach ist die Partie Remis, sofort gewonnen hätte
natürlich Kf6 mit über +8,00 !!!} 52. Bg2 Kd6 53. a5 Kc5 54. a6 Kb6 55. Bf1
Rh2+ 56. Kf3 Rc2 57. Be2 Kc5 58. a7 Ra2 59. Kxf4 {Userentscheid: Remis}
1/2-1/2
[/pgn]
[pgn]

[Event "Turnier 40 / 120"]
[Site "Wien"]
[Date "2023.11.03"]
[Round "41"]
[White "Novag Star Diamond – 25 MHZ"]
[Black "Mephisto Magellan – 20 MHZ"]
[Result "0-1"]
[BlackElo "2233"]
[WhiteElo "2161"]

1. e4 e6 2. d4 d5 3. Nd2 Nf6 4. e5 Nfd7 5. Bd3 c5 6. c3 Nc6 7. Ne2 cxd4 8.
cxd4 Qb6 9. Nf3 f6 10. exf6 Nxf6 11. O-O Bd6 12. Nc3 {Buchende} O-O
{Buchende} 13. Nb5 {Buchbewertung Novag Star Diamond: 0,00} Bb8
{Buchbewertung Mephisto Magellan: 0,0 / lt. Stockfish ist die Stellung etwa
gleich} 14. Re1 Bd7 15. Nc3 Bd6 16. Bb1 Rac8 17. Qd3 Nb4 18. Qe2 Nc6 19.
Qd3 g6 20. Kh1?? {ein Verlustzug, Stockfish -2,60, nötig war 20. h3, um den
Angriff Sg4 zu verhindern} Ng4! 21. Re2? {ganz schwach, danach ist bereits
alles aus, Stockfish -4,00, deutlich mehr Widerstand leistet noch Tf1}
Bxh2??? {unfassbar schlecht, stellt sogar die Partie auf den Kopf, danach
steht Weiss bereits klar besser, büsst ganze 5 Bauernheiten !!! ein,
Stockfish -1,00, sofort gewonnen hätte 21. e5} 22. Nxh2 Nxf2+ 23. Rxf2 Rxf2
24. Nd1? {ein schlechter Zug, danach wechselt der Vorteil wieder auf die
Seite von Schwarz, Stockfish -0,80, deutlich besser ist 24. Dg3} Nb4? {so
aber nicht, danach ist die Stellung im Lot, deutlich besser ist Tf7} 25.
Qe3 Rff8 26. Nc3 e5! {richtig} 27. Qxe5 Rfe8 28. Qg3 Qxd4 29. Nf1?? {völlig
unverständlich, danach ist die Partie bereits verloren, warum nicht 29. Sf3
? mit Angriff auf die Dame und alles ist im Lot} Qf6! 30. Bd3?? {Star
Diamond hat völlig den Überblick verloren, spätestens danach ist alles
vorbei, Stockfish -5,50, deutlich mehr Widerstand leistet noch 30. Kh2}
Re5?? {ein ganz schlechter Zug, der den Vorteil von Schwarz nahezu
halbiert, dennoch steht Schwarz klar auf Gewinn, Stockfish +3,00, sofort
gewonnen hätte aber 30. Sxd3} 31. Kg1 {besser ist noch Ld2, Stockfish
-4,00} Rf8 32. Be3 Nxd3 33. Bd4 Nf4 34. Bxe5 Qxe5 35. Re1 Qh5 36. Qe3 Bh3
37. gxh3 {etwas mehr Widerstand leistet noch Df3, rettet aber auch nichts
mehr, Stockfish -6,50} Nxh3+ 38. Kg2 Qg4+ 39. Kh2 Rf2+ 40. Qxf2 Nxf2 {Rest
geschenkt} 0-1
[/pgn]
[pgn]

[Event "Turnier 40 / 120"]
[Site "Wien"]
[Date "2023.11.04"]
[Round "42"]
[White "Mephisto Magellan – 20 MHZ"]
[Black "Novag Star Diamond – 25 MHZ"]
[Result "1/2-1/2"]
[BlackElo "2161"]
[WhiteElo "2233"]

{Analyse -----> Stockfish 16} 1. d4 d5 2. Nf3 Nf6 3. c4 c6 4. cxd5 cxd5 5.
Nc3 Nc6 6. Bf4 e6 7. e3 Be7 8. Bd3 O-O 9. O-O Nh5 10. Be5 f5 11. a3 Bd7 12.
Na4 {Buchende} Nf6 13. Nc5 {Buchbewertung Mephisto Magellan: +0,3} Bxc5
{Buchbewertung Novag Star Diamond: +0,96 ? / da ist aber viel zu
optimistisch, lt. Stockfish liegt Magellan richtig und Weiss ist mit ca.
+0,30 im Vorteil} 14. dxc5 Nxe5 {Novag Star Diamond korrigiert seine
Bewertung ordentlich nach unten: +0,30} 15. Nxe5 Qc7 16. Nxd7 Nxd7 17. b4
Ne5 18. Be2 f4? {ein schlechter Zug, danach steht Weiss klar besser,
Stockfish -1,00, deutlich besser ist a6 mit minimalem Vorteil für Weiss
mit. ca. -0,20} 19. exf4 Rxf4 20. g3 Rf5 {besser ist Tf6, Stockfish -1,40}
21. f4 Nc6? {klar schwächer als Sf7, danach ist die Partie praktisch schon
verloren, Stockfish -2,00} 22. Re1 Rf6 23. Bg4 Qd7 24. b5 {weniger gut,
Weiss sollte lieber eine Turmverdoppelung auf der E-Linie antreben mittels
24. Ta2, aber auch nach dem Textzug bleibt Weiss klar im Vorteil, Stockfish
+1,50} Nd8 25. Qd3 h6 {besser ist a6, Stockfish -2,00} 26. Rac1 a6 27. a4
axb5 28. axb5 Ra5 29. Be2 Qc7 30. Rc2 Ra4 31. Bf3 Qa5 32. Rec1 Ra3 33. Rc3
Ra2?? {ein absoluter Verlustzug, danach ist die Partie klar verloren,
Stockfish -4,50, deutlich mehr Widerstand leistet noch Txc3 mit ca. -2,00}
34. R1c2? {so aber nicht halbiert den Vorteil, Stockfish +2,20, nötig war
34. c6} Ra1+ 35. Kg2 Qa7 {besser ist Tf8, Stockfish -3,00} 36. Rc1 Ra2+ 37.
Kh1 {lt. Stockfish ist hier Tc1 klar besser, aber das geht nicht, wegen
Stellungwiederholung, Stockfish +2,20} Nf7?? {ein ganz schlechter Zug, der
den Nachteil verdoppelt, danach ist bereits alles vorbei, Stockfish -4,50,
deutlich besser ist Ta4} 38. Qb1 {besser ist b6, aber auch der Textzug
gewinnt klar, Stockfish +4,00} Nd8 {besser ist noch Td2, Stockfish -5,00}
39. c6! bxc6 40. bxc6 Rf7 41. Bxd5??? {ein absoluter Horrorzug, der den
Sieg auf einen Schlag verschenkt, danach ist die Partie Remis, Stockfish
0,00, sofort gewonnen hätte 41. Lh5 !, was soll das bringen hier den Läufer
herzuschenken, unfassbar !!!, auch Star Diamond hatte diesen völligen
Unsinn vorgeschlagen, allerdings ein schwacher Trost für Magellan} exd5 42.
c7 Rxc7 43. Rxc7 Qf2 44. R1c2 Qf3+ {und Weiss entkommt nicht mehr aus dem
Schach, Magellan verschenkt den klaren Sieg / Userentscheid: Remis} 1/2-1/2
[/pgn]
[pgn]

[Event "Turnier 40 / 120"]
[Site "Wien"]
[Date "2023.11.05"]
[Round "43"]
[White "Novag Star Diamond – 25 MHZ"]
[Black "Mephisto Magellan – 20 MHZ"]
[Result "0-1"]
[BlackElo "2233"]
[WhiteElo "2161"]

{Analyse -----> Stockfish 16} 1. e4 c5 2. Nf3 d6 3. d4 cxd4 4. Nxd4 Nf6 5.
Nc3 Nc6 6. Bg5 e6 7. Qd2 Be7 8. O-O-O O-O 9. Nb3 Qb6 10. f3 Rd8 {Buchende}
11. Be3 Qc7 {Buchbewertung Mephisto Magellan: -0,2} 12. Qf2 {Buchende} d5
{Buchbewertung Mephisto Magellan: -0,1} 13. exd5 {Buchbewertung Novag Star
Diamond: -0,15 lt. Stockfish ist die Stellung exakt im Lot, 0,00} Nxd5 14.
Nxd5 exd5 15. Bd3 Nb4 16. Bxa7 Qf4+ 17. Be3 Nxa2+ 18. Kb1?? {ganz bitter
bei nur 2 möglichen Zügen wird der falsche gewählt, ein Verlustzug,
Stockfish -4,00, nach Kd2 !! wäre Schwarz nur minimal im Vorteil mit ca.
-0,50} Qa4 19. Bc5 Bg5? {klar schwächer als Lxc5, aber auch danach steht
Schwarz klar auf Gewinn, Stockfish +3,10} 20. f4 Bxf4 21. Ba3 Nc3+ 22. bxc3
Bg5? {ein grottenschlechter Zug, der den Vorteil von Schwarz etwa halbiert,
Stockfish nur noch +1,60, gewonnen hätte bereits Le6 mit über +3,00} 23. h4
{besser ist Dc5, Stockfish -2,00} Bh6 24. Qc5 b6?? {völliger Schwachsinn,
halbiert den Vorteil, warum nicht einfach 24. Dxa3 ?, Stockfish +1,00} 25.
Qb4 Qxa3 26. Qxa3 Rxa3 27. Rhe1?? {ein ganz schlechter Zug, danach ist
Schwarz wieder klar im Vorteil, Stockfish -2,20, deutlich besser ist Le4
mit ca. -1,00} Bg4 28. Be2 Bxe2 29. Rxe2 Raa8? {ein schlechter Zug,
deutlich besser ist 29.g6 mit ca. +2,00, Stockfish +1,30} 30. Re5 Bf4? {ein
grottenschlechter Zug, der den Grossteil des Vorteiles verspielt, danach
ist ein Sieg bereits in weiter Ferne, Stockfish +0,50, nötig war 30. g6}
31. Rf5 Bg3 32. h5 h6 33. Kb2 Re8 34. Rfxd5 Re2 35. R5d2? {der falsche
Turm, besser ist T1d2, Stockfish -1,00} Rae8 36. Nd4? {ein schlechter Zug,
danach ist Schwarz bereits klar im Vorteil, deutlich besser ist 36. c4,
Stockfish -2,00} R2e5? {ein schwacher Zug, deutlich besser ist 36. Txd2,
Stockfish +1,50} 37. Rd3 {vorzuziehen ist 37. Th1, Stockfish -2,00} Rg5 38.
Rf3 Be5 39. Nf5? {ein schlechter Zug, danach ist die Partie bereits
verloren, Stockfish -3,00, deutlich mehr Widerstand leistet 39. Te3} Rxg2
40. Rd7 Rg5 41. Ne7+ Kh7 42. Rxf7 Rxh5 43. Nd5 {klar vorzuziehen ist Sc6.
Stockfish -3,80} Rc8 44. Rfe7 Rc6 45. Kb3 Rg5 46. c4 Bf6?? {ein schlechter
Zug, der eine ganze Bauerneinheit einbüsst, deutlich besser ist entweder
Td6 oder h5, Stockfish +2,70} 47. Rf7 Bd4 48. c3 Be5 49. Rb7 Rg3?? {ein
ganz schlechter Zug, der ca. 2/3 des Vorteiles verspielt, danach ist
Schwarz nur noch mit ca. +1,00 im Vorteil, nötig war 49. h5 mit ca. +3,00}
50. Rfe7? {ein ganz schlechter Zug, der den Nachteil von Weiss verdoppelt,
deutlich vorzuziehen ist 50. Tf1, Stockfish -2,00} Bd4 51. Rbd7 {besser ist
Tf7, Stockfish -2,70} Bc5 52. Rf7 Kg8 53. Rf5 Rc8 54. Rb7?? {ein ganz
schlechter Zug, danach ist bereits alles aus, deutlich besser ist Sb4,
Stockfish -4,20} Ra8! 55. Ne7+? {nochmals ganz schlecht, deutlich besser
ist noch T5f7, Stockfish -6,20} Kh7 56. Nd5 {Stockfish Matt in 27, aber gut
das kann natürlich Star Diamond nicht sehen, länger überlebt Txc5} Ra3+ 57.
Kb2 Rg2+ 58. Kb1 Raa2 59. Re5??? {beschleunigt extrem das Matt, weit länger
überlebt noch T5f7, Stockfish Matt in 8} Rgb2+! {Magellan nach wenigen
Sekunden Mattankündigung in 7} 60. Kc1 {Star Diamond erkennt Matt in 6} Ba3
61. Nf6+ Kg6 62. Rxg7+ Kxf6 63. Rf7+ Kxe5 64. Re7+ Bxe7 65. c5 Bg5+ 66. Kd1
Ra1# 0-1
[/pgn]
[pgn]

[Event "Turnier 40 / 120"]
[Site "Wien"]
[Date "2023.11.05"]
[Round "44"]
[White "Mephisto Magellan – 20 MHZ"]
[Black "Novag Star Diamond – 25 MHZ"]
[Result "1/2-1/2"]
[BlackElo "2161"]
[WhiteElo "2233"]

{Analyse -----------> Stockfish 16} 1. e4 c5 2. Nf3 d6 3. Bb5+ Bd7 4. Bxd7+
Qxd7 5. O-O Nf6 6. Re1 Nc6 7. c3 e6 8. d4 cxd4 9. cxd4 d5 10. e5 Ne4 11.
Nbd2 Nxd2 {Buchende} 12. Bxd2 {Buchende} Rc8 {Buchbewertung Novag Star
Diamond: +0,11} 13. Rc1 {Buchbewertung Mephisto Magellan: +0,1 lt.
Stockfish ist die Stellung etwa gleich} Be7 14. Bg5 O-O 15. Bxe7 Nxe7 16.
Qd3 Qa4 17. a3 Nf5 18. Rf1 Rc6 19. Rxc6 Qxc6 20. g4 Ne7 21. Qc3 Qxc3 22.
bxc3 Rc8 23. Rc1 Ng6 24. Kf1 f6 25. exf6 gxf6 26. Ke2 e5 27. Kd2 Kf7 28. h3
Ke6 29. dxe5 fxe5 30. Ng5+ Ke7 31. Rb1 b6 32. Nxh7?? {ein Verlustzug,
Stockfish -2,50, nötig war 32. Sf3 mit geringem Vorteil für Schwarz mit ca.
-0,50} Rh8 33. Ng5 Kf6 34. Nf3 Rxh3 35. Ng1 Rh2 36. Ke3 Rg2 37. Ne2?
{deutlich besser ist noch a4 mit ca. -2,50, rettet aber auch nichts mehr,
Stockfish -3,50} Rxg4 38. Rb4 Kf5 39. Ng3+ Kg5 40. Rb5 Ne7 41. Kd3 Rf4 42.
Ke2 Ra4 43. Rb3 Rh4 44. Rb5 Kf6 45. Rb4?? {ganz schwach, aber es spielt
keine Rolle mehr, Stockfish -5,70, mehr Widerstand leistet noch Sf1 mit ca.
-3,80} Ng6? {ein schlechter Zug, aber natürlich gewinnt auch das, Stockfish
+3,30, deutlich besser ist aber natürlich einfach der Turmtausch, Txb4 und
alles ist erledigt} 46. Kf3??? {einer der schlechtestmöglichen Züge
überhaupt, praktisch jeder andere Zug ist besser, z.B. Tb1, Tb3, Kd1, Kd3,
Sf1,...., Stockfish -5,30} Ke6? {auch ganz schwach aber es spielt keine
Rolle mehr, hier gewinnt praktisch jede halbwegs plausible Fortsetzung, der
Textzug büsst allerdings ganze 2 Bauerneinheiten ein, gegenüber 46. Txb4,
Stockfish +3,30} 47. Rxh4? {ganz schlecht, deutlich mehr Widerstand leistet
Ke3, Stockfish -5,00} Nxh4+ 48. Kg4 Ng6 49. Nh5 Ne7 50. Ng7+ Kf7 {klar zu
bevorzugen ist 50. Kg6, aber hier schon egal, Stockfish +5,00} 51. Nf5 Kf6?
{ein schlechter Zug, der Fairness halber muss man aber sagen, der richtige
Zug 51. Ke6 !! ist für Star Diamond nicht spielbar, da
Stellungswiederholung und aus seiner Sicht damit 0,00, aber auch der
Textzug gewinnt natürlich klar, Stockfish +3,90, büsst aber ca. 1,5
Bauerneinheiten ein} 52. Nd6 {deutlich besser ist Se3, Stockfish -4,70} Ke6
53. Nb5 Nc6 54. f4 e4 55. Kg3 Kd7 56. a4 a6 57. Na3 Ne7 58. Nc2 Nf5+ 59.
Kf2? {deutlich besser ist noch Kg4, Stockfish -9,00, aber natürlich
verliert auch Kg4 klar mit ca. -5,00} Ke6? {klar schwächer als Kd6, aber
völlig ausreichend, Stockfish +5,00} 60. Ke2 {besser ist noch Kg2, aber
schon egal, Stockfish -7,00} a5 {besser ist Kd6, aber völlig ausreichend
natürlich, Stockfish +5,50} 61. Kd2? {weit schwächer als Sa3, Stockfish
-8,00} Nd6? {die falsche Figur, der König gehört nach d6, aber hier beende
ich jetzt die Kommentierung, da ja alles schon gewinnt, Stockfish +5,50}
62. Ke3 Kf5 63. Kd4 Kxf4??? {hier muss ich aber leider die Kommentierung
wieder starten, denn das ist ein absoluter Katatstrophenzug, danach ist die
Partie Remis, Stockfish nur noch +0,00, allerdings ist das ein Problem für
Star Diamond, denn der richtige Zug wäre Ke6 mit über +6,00 gewesen, das
ist allerdings eine Stellungswiederholung und somit 0,00 für Star Diamond}
64. Kxd5 Nf5 65. Kc6 Kf3 66. Kxb6 Ne3 67. Nd4+ Kg4??? {also das ist ja
nicht zu fassen, nun verliert Star Diamond gar noch diese Partie, das Remis
gesichert hätte entweder Kf4 oder Kf2, Stockfish -5,00} 68. Kxa5 Nf5 69.
Nc2?? {aber auch Magellan greift nochmal voll daneben und verschenkt den
Sieg, danach ist die Partie Remis, gewonnen hätte 69. Sb3} e3??? {verliert
sofort, das Remis gesichert hätte Kf3, Stockfish Matt in 27 !!} 70. Kb5?
{gut ein Matt in 27 kann Magellan natürlich nicht sehen, aber nach dem
Textzug ist der Sieg fraglich, zwar sieht Stockfish noch einen Vorteil von
+3,00, aber da gibt es eine endlose Variante, wo beide eine Dame bekommen
und dann irgendwann mal im 50. HZ oder so gewinnt dann der letzte Bauer von
Weiss, also ob Magellan das noch schafft darf bezweifelt werden.} e2 71. a5
Kf4? {doch die richtigen Varianten sind einfach zu tief für einen Oldie
hier darf man nicht zu streng sein, es war fast zu erwarten, dass noch
weitere Fehler folgen, nach dem Textzug ist wieder alles aus, Stockfish
Matt in 21, nötig war Kg3} 72. Kc6? {aber das Gleiche gilt für Magellan,
verschenkt auf einen Schlag den Sieg, danach ist die Partie Remis, gewonnen
hätte natürlich 72. a6} Ne7+? {ja es sind einfach beide Geräte hoffnungslos
überfordert, das Ergebnis hier ist reine Glückssache, verliert wieder klar,
Stockfish -30,00, das Remis gesichert hätte 72. Se3} 73. Kd7 Nd5 74. a6 Ke4
75. Kc6??? {verschenkt wieder alles, danach ist die Partie Remis, gewonnen
hätte natürlich 75. a7} Kd3 76. Ne1+ Kd2 77. a7 Kxe1 78. a8=Q Nxc3 {Weiss
hat die Dame aber das reicht nicht, es ist Remis, die beiden Oldies haben
davon natürlich keine Ahnung und sehen Weiss klar im Vorteil} 79. Qh8 Nd1
80. Qd4 Kf1 81. Qc4 Kf2 82. Qf4+ Kg2 83. Qd2 Kf1 {gut das braucht man sich
nicht mehr anzusehen, wie Magellan jetzt noch alle möglichen
Damenpositionen ausprobiert, bis ihm eine Stellungswiederholung nicht mehr
erspart bleibt und sich noch 50 Züge mit +4,00 bewertet, ich beende es
hier, Userentscheid: Remis} 1/2-1/2
[/pgn]
[pgn]